00483nam a2200193 a 4500001001300000003000900013005001700022008004100039020001000080082001700090100002100107245002500128260003400153300000900187500003500196505001000231650002700241700002100268nice12345678IN_TiNIC20260116011511.0050524s1965 dela grp 000 0 urd  ac2.500a297.297bAZA aAzad, Abul Kalam aIslam Aur Masihiyat. aDelhibTaj Urdu Academyc1965 a112p aincludes index and biblioraphy2 aIndex aIslam-Apologetic Works1 aAzad, Abul Kalam